| 000 | 00558nam a2200205Ia 4500 | ||
|---|---|---|---|
| 005 | 20250923145657.0 | ||
| 008 | 008 250917s9999 xx 000 0 eng d | ||
| 037 | _aTextual | ||
| 040 |
_aDSWL _beng _cDSWL |
||
| 041 |
_aeng _2eng |
||
| 084 |
_aX:8, N76 _qDSWL |
||
| 100 |
_aBreadmore, R.G. _9837842 |
||
| 245 | 0 |
_aOrganisation and methods _c by R.G.Breadmore |
|
| 260 |
_aLondon _bTeach Yourself Books _c1976 |
||
| 300 | _a248 p. | ||
| 365 |
_aGBP _b1.75 |
||
| 925 | _g1.75 | ||
| 942 |
_cTEXL _hX:8, N76 |
||
| 999 |
_c1454248 _d1454248 |
||